Statistics for Geography linked answers #1

Click here to take the quiz!

General Stats

  • This quiz has been taken 44 times
  • The average score is 6 of 11

Answer Stats

HintAnswer% Correct
Shape of ItalyBoot
98%
Lighting made from waxCandles
83%
Sign of the Zodiac represented by the scalesLibra
75%
Common name for a contusionBruise
70%
Silk like materialSatin
68%
Textile made from Flax plantLinen
63%
Sir Alex Ferguson is the most successful what in PL historyManager
58%
Fawn colour of unbleached linenEcru
25%
Soil composed of silt sand and clayLoam
18%
A defunct English silver coin worth four penniesGroat
10%
LINKCountries in anagram form with letter switched 1=Peru 2=Spain 3=Libya 4=Tonga 5=Serbia 6= Benin 7=Iceland /Ireland8=Mali /Laos9=Togo 10=germany
0%

Score Distribution

Percentile by Number Answered

Percent of People with Each Score

Your Score History

You have not taken this quiz